| 000 | 00888cab a22001935a 4500 | ||
|---|---|---|---|
| 001 | L146223 | ||
| 008 | 081217e20081212xxka f 000 0 eng d | ||
| 035 | _a(Sirsi) u146223 | ||
| 041 | 0 | _aeng | |
| 100 | 1 | _aStothart, Chloe | |
| 245 | 0 | 0 |
_aHousing expert _bhome made |
| 260 | _c2008 | ||
| 490 | 0 |
_aBuilding _v273 (8559) 12 December 2008, 52-53 (2) |
|
| 520 | _aPresents micro combined heat and power systems (CHP), a technology producing free electricity while heating your house. Describes the two varieties of CHP unit: the stirling engines and fuel cells. The advantages reported are a reduction in costs and in carbon dioxide emissions. Will be introduced in the UK market in 2009. Article includes an illustration of a micro CHP unit and a schema on how it works. | ||
| 590 | _aKA | ||
| 651 | 4 |
_aUnited Kingdom _y |
|
| 690 | _aBUILT ENVIRONMENT-BUILDING ELEMENTS | ||
| 942 | _n0 | ||
| 999 |
_c81091 _d81091 |
||